header

Hope fulfilled for at-risk and violent youth : (Record no. 265680)

MARC details
000 -LEADER
fixed length control field 01645cam a2200421 a 4500
001 - CONTROL NUMBER
control field 12022217
003 - CONTROL NUMBER IDENTIFIER
control field OSt
005 - DATE AND TIME OF LATEST TRANSACTION
control field 20260116091953.0
008 - FIXED-LENGTH DATA ELEMENTS--GENERAL INFORMATION
fixed length control field 000526s2001 maua b 001 0 eng
010 ## - LIBRARY OF CONGRESS CONTROL NUMBER
LC control number 00042137
020 ## - INTERNATIONAL STANDARD BOOK NUMBER
International Standard Book Number 0205308864
International Standard Book Number 9780205308866
035 ## - SYSTEM CONTROL NUMBER
System control number 12022217
040 ## - CATALOGING SOURCE
Original cataloging agency DLC
Transcribing agency DLC
Modifying agency DLC
043 ## - GEOGRAPHIC AREA CODE
Geographic area code n-us---
050 00 - LIBRARY OF CONGRESS CALL NUMBER
Classification number LC4802
Item number .B37 2001
082 00 - DEWEY DECIMAL CLASSIFICATION NUMBER
Classification number 371.93
Edition number 21
100 1# - MAIN ENTRY--PERSONAL NAME
Personal name Barr, Robert D.
245 10 - TITLE STATEMENT
Title Hope fulfilled for at-risk and violent youth :
Remainder of title K-12 programs that work /
Statement of responsibility, etc Robert D. Barr, William H. Parrett.
250 ## - EDITION STATEMENT
Edition statement 2nd ed.
260 ## - PUBLICATION, DISTRIBUTION, ETC. (IMPRINT)
Place of publication, distribution, etc Boston :
Name of publisher, distributor, etc Allyn and Bacon,
Date of publication, distribution, etc c2001.
300 ## - PHYSICAL DESCRIPTION
Extent xiv, 306 p. :
Other physical details ill. ;
Dimensions 25 cm.
336 ## - CONTENT TYPE
Content type term text
Content type code txt
Source rdacontent
337 ## - MEDIA TYPE
Media type term unmediated
Media type code n
Source rdamedia
338 ## - CARRIER TYPE
Carrier type term volume
Carrier type code nc
Source rdacarrier
500 ## - GENERAL NOTE
General note Rev. ed. of: Hope at last for at-risk youth. c1995.
504 ## - BIBLIOGRAPHY, ETC. NOTE
Bibliography, etc Includes bibliographical references (p. 258-284) and index.
650 #0 - SUBJECT ADDED ENTRY--TOPICAL TERM
Topical term or geographic name as entry element Problem children
General subdivision Education
Geographic subdivision United States.
Topical term or geographic name as entry element At-risk youth
General subdivision Education
Geographic subdivision United States.
Topical term or geographic name as entry element Children with social disabilities
General subdivision Education
Geographic subdivision United States.
Topical term or geographic name as entry element Youth with social disabilities
General subdivision Education
Geographic subdivision United States.
700 1# - ADDED ENTRY--PERSONAL NAME
Personal name Parrett, William.
Personal name Barr, Robert D.
Title of a work Hope at last for at-risk youth.
906 ## - LOCAL DATA ELEMENT F, LDF (RLIN)
a 7
b cbc
c orignew
d 1
e ocip
f 20
g y-gencatlg
942 ## - ADDED ENTRY ELEMENTS (KOHA)
Source of classification or shelving scheme Library of Congress Classification
Koha item type Long Loan Books
Holdings
Withdrawn status Lost status Source of classification or shelving scheme Damaged status Not for loan Collection code Home library Current library Shelving location Date acquired Source of acquisition Total Checkouts Full call number Barcode Date last seen Price effective from Koha item type
    Library of Congress Classification     Non-fiction Rongo University Library Rongo University Library General Stacks 16/01/2026 Books for Africa, Donation   LC4802 .B37 2001 20261066 16/01/2026 16/01/2026 Long Loan Books

© 2026 Rongo University
Contact us: librarian | system librarian | Rongo university